[Event "COL Intercollege op"]
[Site "Bogota"]
[Date "2024.11.21"]
[Round "1"]
[White "Murayari Cuenca, Cristobal Andres"]
[Black "Bolanos Arciniegas, Juan Esteban"]
[Result "0-1"]
[WhiteElo "1600"]
[BlackElo "1616"]
[PlyCount "68"]
[EventDate "2024.11.21"]
[EventType "swiss"]
[EventRounds "7"]
[EventCountry "COL"]
[SourceTitle "CB48_2024"]
[SourceDate "2024.11.28"]
[SourceVersion "1"]
[SourceVersionDate "2024.11.28"]
[SourceQuality "1"]

1. d4 d5 2. c4 e6 3. Nf3 h6 4. Nc3 Nf6 5. Bf4 Bd6 6. Bg3 0-0 7. e3 b6 8. Bd3 Bxg3 9. fxg3 dxc4 10. Bxc4 Bb7 11. 0-0 Nbd7 12. d5 exd5 13. Nxd5 Re8 14. Nxf6+ Nxf6 15. Re1 Qe7 16. Qb3 Ne4 17. Rad1 Nd6 18. Bd5 c6 19. Bc4 Nxc4 20. Qxc4 c5 21. Qb5 Qf6 22. Rd7 Bc6 23. Qd3 Bxd7 24. Qxd7 Qxb2 25. e4 Qxa2 26. e5 Qe6 27. Qd3 a5 28. Ra1 a4 29. Qb5 a3 30. Qe2 a2 31. h3 Qd5 32. Qb5 Rxe5 33. Nxe5 Qxe5 34. Kh2 Qxa1 0-1